<?xml version="1.0" encoding="UTF-8"?>
<collection xmlns="http://www.loc.gov/MARC21/slim">
<record>
  <controlfield tag="001">146238</controlfield>
  <controlfield tag="005">20241122150936.0</controlfield>
  <datafield tag="037" ind1=" " ind2=" ">
    <subfield code="a">TAZ-TFG-2024-3971</subfield>
  </datafield>
  <datafield tag="041" ind1=" " ind2=" ">
    <subfield code="a">eng</subfield>
  </datafield>
  <datafield tag="100" ind1="1" ind2=" ">
    <subfield code="a">Marqués Vicente, Elvira Xiaoheng</subfield>
  </datafield>
  <datafield tag="242" ind1="0" ind2="0">
    <subfield code="a">Study on the NextGenerationEU funds and the PERTE VEC beneficiaries.</subfield>
  </datafield>
  <datafield tag="245" ind1="0" ind2="0">
    <subfield code="a">Estudio sobre los fondos NextGenerationEU y los beneficiarios del PERTE VEC.</subfield>
  </datafield>
  <datafield tag="260" ind1=" " ind2=" ">
    <subfield code="a">Zaragoza</subfield>
    <subfield code="b">Universidad de Zaragoza</subfield>
    <subfield code="c">2024</subfield>
  </datafield>
  <datafield tag="500" ind1=" " ind2=" ">
    <subfield code="a">Resumen disponible también en inglés.</subfield>
  </datafield>
  <datafield tag="506" ind1=" " ind2=" ">
    <subfield code="a">by-nc-sa</subfield>
    <subfield code="b">Creative Commons</subfield>
    <subfield code="c">3.0</subfield>
    <subfield code="u">http://creativecommons.org/licenses/by-nc-sa/3.0/</subfield>
  </datafield>
  <datafield tag="520" ind1=" " ind2=" ">
    <subfield code="a">El siguiente Trabajo de Fin de Grado comprende una descripción de los fondos NextGenerationEU, una herramienta diseñada por el Comité Europeo para hacer frente a los desafíos económicos y financieros que se dieron lugar tras la pandemia de la Covid-19, al igual que para coadyuvar al cambio de paradigma económico. En esta descripción se explica qué componentes conforman este proyecto y bajo qué criterios se reparte esta ayuda de 750.000 millones de euros entre los países miembros de la UE, haciendo alusión asimismo de los objetivos que se buscan cumplir con ellos.&lt;br />Por otra parte, se focaliza en los fondos dirigidos a España y la gestión de los mismos, ya que cada país, bajo un marco común, decide cómo distribuir las ayudas dentro de su territorio. En el caso de este país, el gobierno formuló el plan España Puede, basado en la transición ecológica, la transformación digital, la cohesión social y territorial, y la igualdad de género. Este dictaminó que los fondos serían principalmente asignados en forma de PERTEs.&lt;br /> &lt;br />El objeto de estudio de este trabajo es el PERTE VEC, referente al vehículo eléctrico y conectado, y a partir de uno de sus proyectos se realiza una investigación sobre una muestra de empresas beneficiarias de esta ayuda con el fin de encontrar características comunes.&lt;br />&lt;br /></subfield>
  </datafield>
  <datafield tag="521" ind1=" " ind2=" ">
    <subfield code="a">Graduado en Administración y Dirección de Empresas</subfield>
  </datafield>
  <datafield tag="540" ind1=" " ind2=" ">
    <subfield code="a">Derechos regulados por licencia Creative Commons</subfield>
  </datafield>
  <datafield tag="856" ind1="0" ind2=" ">
    <subfield code="f">815634@unizar.es</subfield>
  </datafield>
  <datafield tag="856" ind1="4" ind2=" ">
    <subfield code="s">7881294</subfield>
    <subfield code="u">http://zaguan.unizar.es/record/146238/files/TAZ-TFG-2024-3971.pdf</subfield>
    <subfield code="y">Memoria (eng)</subfield>
  </datafield>
  <datafield tag="909" ind1="C" ind2="O">
    <subfield code="o">oai:zaguan.unizar.es:146238</subfield>
    <subfield code="p">driver</subfield>
    <subfield code="p">trabajos-fin-grado</subfield>
  </datafield>
  <datafield tag="950" ind1=" " ind2=" ">
    <subfield code="a"></subfield>
  </datafield>
  <datafield tag="691" ind1=" " ind2=" ">
    <subfield code="a">9 11</subfield>
  </datafield>
  <datafield tag="692" ind1=" " ind2=" ">
    <subfield code="a">Los fondos NextGenerationEU, acordados por el Consejo Europeo, fueron creados como un instrumento de ayuda para hacer frente a las consecuencias económicas y sociales de la pandemia, y sus objetivos se alinean con los ODS.</subfield>
  </datafield>
  <datafield tag="700" ind1=" " ind2=" ">
    <subfield code="a">Acerete Gil, José Basilio</subfield>
    <subfield code="e">dir.</subfield>
  </datafield>
  <datafield tag="700" ind1=" " ind2=" ">
    <subfield code="a">Gasca Galán, María del Mar</subfield>
    <subfield code="e">dir.</subfield>
  </datafield>
  <datafield tag="710" ind1="2" ind2=" ">
    <subfield code="a">Universidad de Zaragoza</subfield>
    <subfield code="b">Contabilidad y Finanzas</subfield>
    <subfield code="c">Economía Financiera y Contabilidad</subfield>
  </datafield>
  <datafield tag="980" ind1=" " ind2=" ">
    <subfield code="a">TAZ</subfield>
    <subfield code="b">TFG</subfield>
    <subfield code="c">ECON</subfield>
  </datafield>
  <datafield tag="999" ind1=" " ind2=" ">
    <subfield code="a">20240904150201.CREATION_DATE</subfield>
  </datafield>
  <datafield tag="951" ind1=" " ind2=" ">
    <subfield code="a">deposita:2024-11-22</subfield>
  </datafield>
</record>
</collection>